Entry Nombre personal
001 - NÚMERO DE CONTROL
- campo de control: 240179
003 - IDENTIFICADOR DE NÚMERO DE CONTROL
- campo de control: SpMaBN
005 - FECHA Y HORA DE LA ÚLTIMA TRANSACCIÓN
- campo de control: 20250430234903.0
008 - ELEMENTOS DE DATO DE LONGITUD-FIJA
- campo de control de longitud fija: 901120nn aijnnaabn a aaa
016 ## - NÚMERO DE CONTROL DE UNA AGENCIA BIBLIOGRÁFICA NACIONAL
- Número de control del registro: BNE19900207177
024 7# - IDENTIFICADOR DE OTROS ESTÁNDARES
- Número estándar o código: http://viaf.org/viaf/39385478/
- Fuente: viaf
024 8# - IDENTIFICADOR DE OTROS ESTÁNDARES
- Número estándar o código: https://data.cervantesvirtual.com/person/1555
024 7# - IDENTIFICADOR DE OTROS ESTÁNDARES
- Número estándar o código: https://isni.org/isni/0000000368634109
- Fuente: isni
024 7# - IDENTIFICADOR DE OTROS ESTÁNDARES
- Número estándar o código: http://www.wikidata.org/entity/Q40909
- Fuente: wikidata
040 ## - FUENTE DE CATALOGACIÓN
- Centro catalogador/agencia de origen: SpMaBN
- Lengua de catalogación: spa
- Centro/agencia transcriptor: SpMaBN
- Normas de descripción: rdc
- Convención/Normas de encabezamiento de materia/tesauro: embne
046 ## - FECHAS CON CODIFICACIÓN ESPECIAL
- Fecha de nacimiento: 1882
- Fecha de la muerte: 1941
100 1# - ENCABEZAMIENTO-NOMBRE DE PERSONA
- Nombre de persona: Woolf, Virginia,
- Fechas asociadas al nombre: 1882-1941
370 ## - LUGAR ASOCIADO
- Lugar de nacimiento: Gran Bretaña, Inglaterra, Gran Londres, Londres
370 ## - LUGAR ASOCIADO
- Lugar de fallecimiento: Gran Bretaña, Inglaterra, East Sussex (Condado), Lewes
372 ## - CAMPO DE ACTIVIDAD
- Campo de actividad: Drama
- Fuente de información: Wikidata
373 ## - GRUPO ASOCIADO
- Grupo asociado: Círculo de Bloomsbury
- Fuente de información: Wikidata
374 ## - OCUPACIÓN
- Ocupación: Escritores
375 ## - GÉNERO/SEXO
- Género: Femenino
377 ## - IDIOMA ASOCIADO
- Término de lengua/lenguaje: Inglés
400 1# - TRAZADO DE VÉASE--NOMBRE DE PERSONA
- Nombre de persona: Stephen, Virginia
- Fechas asociadas al nombre: 1882-1941
400 1# - TRAZADO DE VÉASE--NOMBRE DE PERSONA
- Nombre de persona: Woolf, Virginia Stephen
- Fechas asociadas al nombre: 1882-1941
670 ## - FUENTE DE DATOS ENCONTRADOS
- Cita de la fuente: Al faro, 1995
- Información encontrada: port. (Virginia Woolf)
670 ## - FUENTE DE DATOS ENCONTRADOS
- Cita de la fuente: Dic. de escritores célebres, 1995
- Información encontrada: (Woolf, Virginia; novelista inglesa (Londres, 1882-Lewes, 1941); nombre de soltera, Virgina Stephen)
670 ## - FUENTE DE DATOS ENCONTRADOS
- Cita de la fuente: WWW BL OPAC, 23-1-2001
- Información encontrada: (Woolf, Virginia, 1882-1941)
670 ## - FUENTE DE DATOS ENCONTRADOS
- Cita de la fuente: CDMARC names, 1996
- Información encontrada: (Woolf, Virginia, 1882-1941)
670 ## - FUENTE DE DATOS ENCONTRADOS
- Cita de la fuente: WWW BN España aut., 16-5-2023;
- Información encontrada: (Woolf, Virginia, 1882-1941)
955 ## - CATALOGADOR - EDICIÓN
- Nombre del catalogador: Alvaro Rubio Antúnez
